Premier League 2025/26 - Statystyki

Ogólne statystyki
  • Ten quiz został rozwiązany 561 razy
  • Średni wynik to 16 z 20
Statystyki odpowiedzi
Drużyna % Poprawnych
Manchester City
98%
Manchester United
98%
Arsenal
97%
Liverpool
96%
Chelsea
92%
Tottenham Hotspur
90%
Aston Villa
86%
Newcastle United
80%
West Ham United
79%
Everton
78%
Sunderland
77%
Brighton & Hove Albion
75%
Wolverhampton Wanderers
75%
Leeds United
74%
Brentford
73%
Crystal Palace
71%
Burnley
70%
Fulham
66%
Nottingham Forest
66%
Bournemouth
64%
Nie znaleziono quizów pasujących do podanych kryteriów
Rozkład punktacji
Procent ludzi z każdym wynikiem
Percentyl według liczby udzielonych odpowiedzi
Twoja historia wyników
Nie rozwiązałeś tego quizu